Principles of gene manipulation and genomics (Record no. 394994)

MARC details
000 -LEADER
fixed length control field 00571 a2200229 4500
005 - DATE & TIME
control field 20260413110843.0
008 - FIXED-LENGTH DATA ELEMENTS--GENERAL INFORMATION
fixed length control field 260413b |||||||| |||| 00| 0 eng d
020 ## - ISBN
International Standard Book Number 9789354641534
Price Rs. 3495.00
040 ## - CATALOGING SOURCE
Original cataloging agency VIVEKANANDA LIBRARY
082 ## - DDC NUMBER
Classification number 575.1
Book Number P935P(7)
100 ## - MAIN ENTRY--PERSONAL NAME
Personal name Primrose, Sandy B
245 ## - TITLE STATEMENT
Title Principles of gene manipulation and genomics
250 ## - EDITION STATEMENT
Edition statement 7th
260 ## - PUBLICATION, DISTRIBUTION, ETC. (IMPRINT)
Name of publisher, distributor, etc Wiley India
Date of publication, distribution, etc 2023
Place of publication, distribution, etc New Delhi
300 ## - PHYSICAL DESCRIPTION
Pages xix, 691
650 ## - Subject
Subject Biotechnology
650 ## - Subject
Subject Genetic
650 ## - Subject
Subject Gene
650 ## - Subject
Subject Biology
700 ## - Added Entry Personal Name
Added Entry Personal Name Twyman, Richard
942 ## - ADDED ENTRY ELEMENTS (KOHA)
Koha item type Books
Holdings
Withdrawn status Lost status Source of classification or shelving scheme Damaged status Not for loan Location (home branch) Sublocation or collection (holding branch) Shelving location Date acquired Koha issues (times borrowed) Koha full call number Accession No. Koha date last seen Koha item type
    Dewey Decimal Classification     VIVEKANANDA LIBRARY VIVEKANANDA LIBRARY Vivekananda Library 25/03/2026   575.1 P935P(7) 438898 25/03/2026 Books
© Designed and Maintained by Vivekananda Library, MDU Rohtak